| 000 | 01055cam a22003014a 4500 | ||
|---|---|---|---|
| 003 | UPN | ||
| 005 | 20220920220324.0 | ||
| 008 | 090217s2004 es a r 000 f spa d | ||
| 020 | _a8431677333 | ||
| 035 | _aUPN01000169385 | ||
| 040 |
_aUPN _bspa _cUPN |
||
| 049 | _aCG | ||
| 050 | 4 |
_aPR4854 _bP47 2004 |
|
| 100 | 1 |
_aKipling, Rudyard, _d1864-1936 _928832 |
|
| 245 | 1 | 4 |
_aLos perros rojos ; _bEl ankus del Rey / _cRudyard Kipling ; ilustraciones Francisco Solé ; traducción Julio-César Santoyo ; notas y actividades Francisco Antón. |
| 250 | _aPrimera edición | ||
| 260 |
_aBarcelona, España : _bVicens Vives, _c2004. |
||
| 300 |
_a101 páginas : _bilustraciones a color |
||
| 490 | 0 |
_aCucaña ; _v28 |
|
| 534 |
_pTítulo original: _tRed dog. The King's ankus |
||
| 650 | 4 |
_aCuentos ingleses _913122 |
|
| 650 | 4 |
_aHistorias de aventuras _94131 |
|
| 700 | 1 |
_aSolé, Francisco, _d1952- _eilustrador _945717 |
|
| 700 | 1 |
_aSantoyo, Julio-César, _d1943- _etraductor _945674 |
|
| 740 | 3 | _aEl ankus del Rey | |
| 905 | _aLibro | ||
| 942 |
_2lcc _cLIBRO |
||
| 999 |
_c141491 _d141491 |
||